Top Turkic Languages - Statistics

General Stats
  • This quiz has been taken 794 times
  • The average score is 4 of 5
Answer Stats
# Speakers Language % Correct
79.4 mil Turkish
100%
25.1 mil Uzbek
92%
12.9 mil Kazakh
90%
13.8 mil Azerbaijani
85%
10.4 mil Uyghur
64%
No matching quizzes found
Score Distribution
Percent of People with Each Score
Percentile by Number Answered
Your Score History
You have not taken this quiz